GODDESS OF VICTORY: NIKKE NPCs - Statistics

General Stats
  • This quiz has been taken 64 times
    63 since last reset
  • The average score is 27 of 34
Answer Stats
Picture Answer % Correct
K
96%
Chime
94%
Enikk
94%
Mustang
94%
Red Shoes
94%
Rose
94%
Shifty
94%
Legendary Commander
91%
Cecil
89%
Syuen
89%
Andersen
87%
Behemoth
87%
Gretel
87%
Hansel
87%
Johan
87%
E.H.
85%
Hammering
85%
Leviathan
83%
Liliweiss
83%
Pinne
83%
Einkk
80%
Liberalio
80%
Oswald
80%
Ingrid
78%
Jien
76%
Papillon
70%
Drilley
69%
Burningum
67%
Liveryn
65%
Fragile
56%
Doban
54%
Avistar
52%
Rian
43%
Eyeri
41%
No matching quizzes found
Score Distribution
Percent of People with Each Score
Percentile by Number Answered
Your Score History
You have not taken this quiz since the last reset